| 000 | 00621nam a2200157Ia 4500 | ||
|---|---|---|---|
| 001 | IA_4441,08/10/2007,31/08/2011,0000001984 mx A 0000000000spa00," | ||
| 008 | 220117s xx 000 0 und d | ||
| 010 | _a183866 | ||
| 090 | _aFolleto 2359 | ||
| 100 |
_aInstituto Nacional de Investigaciones Agrícolas. México _9155670 |
||
| 245 |
_aNormas Técnicas para Incrementar la Productividad y la Calidad de Fibra de Henequen / _c Inia |
||
| 260 |
_aMéxico : _bCentro de Investigaciones Agrícolas de la Peninsula de Yucatán, |
||
| 300 | _a48 p. | ||
| 500 | _aS/c | ||
| 650 |
_aHenequen _953567 |
||
| 999 |
_c183866 _d183866 |
||